Using Unix llnd Ed/ (Record no. 163729)

MARC details
000 -LEADER
fixed length control field 00609nam a2200205 4500
005 - DATE AND TIME OF LATEST TRANSACTION
control field 20190427111952.0
010 ## - LCCN (DPL NO)
LC control number A-950661
020 ## - INTERNATIONAL STANDARD BOOK NUMBER
International Standard Book Number 8120314484
Terms of availability 275.00
035 ## - SYSTEM CONTROL NUMBER
System control number A-950661
037 ## - SOURCE OF ACQUISITION
Source of stock number/acquisition DBAD/PUB
082 ## - DEWEY DECIMAL CLASSIFICATION NUMBER
Classification number 005.43
100 ## - MAIN ENTRY--PERSONAL NAME
Personal name Moritin,S.
245 ## - TITLE STATEMENT
Title Using Unix llnd Ed/
Statement of responsibility, etc by S.Moritin
260 ## - PUBLICATION, DISTRIBUTION, ETC. (IMPRINT)
Place of publication, distribution, etc New Delhi
Name of publisher, distributor, etc Prentice hall.
270 ## - ADDRESS
Address M-97,connaught circus,
City New Delhi
Postal code 110001
300 ## - PHYSICAL DESCRIPTION
Extent xvi,863p.
Other physical details ill.
Dimensions 22cms(hbk)
500 ## - GENERAL NOTE
General note It includes index
942 ## - ADDED ENTRY ELEMENTS (KOHA)
Source of classification or shelving scheme Dewey Decimal Classification
Item type English Books
Classification part 005.43
Call number suffix MOR

No items available.


© Delhi Public Library
Hit Counter
free hit counter